La región frente a las tensiones de la globalización

Guardat en:
Dades bibliogràfiques
Format: Llibre
Idioma:Spanish
Etiquetes: Afegir etiqueta
Sense etiquetes, Sigues el primer a etiquetar aquest registre!

MARC

LEADER 00000nam a22000007a 4500
003 cru CIDCACS/IIS
005 20171208154640.0
007 ta
008 171208t2016 cl |||p|r||||||0| ||spa|d
999 |c 40723  |d 40723 
040 |c cru CIDCACS/IIS 
245 1 |a La región frente a las tensiones de la globalización 
300 |a 169 páginas:  |b tablas, gráficos, mapas 
773 0 |0 40722  |9 1693  |a Comisión Económica para América Latina (CEPAL)  |d Chile: CEPAL  |o 18245  |t Panorama de la Inserción Internacional de América Latina y el Caribe  |x 9789211219340 
942 |2 ddc  |c PP